• 首页
  • 本馆介绍
  • 公告通知
  • 最新文献
  • 馆藏检索
  • 电子资源
  • 读者导购
  • 参考咨询
  • 我的图书馆
  • 登录
  • 详细信息显示
  • 放入我的书架
  • 预约/预借图书
  • 作者相关作品
  • 分类相关作品
  • 丛书相关作品
  • 出版社相关作品

书目信息

  • 表格格式
  • 工作单格式
  • 卡片格式
题名:
威尔斯科学幻想小说选
    
 
作者: 威尔斯 , Wells 著 ;孙宗鲁 译
分册:  
出版信息: 南京   江苏科学技术出版社  1980
页数: 2册
开本: 19cm
丛书名:
单 册:
中图分类: I561.45 , I546.4
科图分类:
主题词: 科学幻想小说--英国--现代--选集
电子资源:
ISBN:
000 00895nam0 2200301 45
001 1558860359
005 20150120162128.68
010    @dCNY1.08
091    @aCN@b10196.003(上)
091    @aCN@b10196.006(下)
100    @a19950616d1980 em y0chiy0121 ea
101 1  @achi@ceng
102    @aCN@b320000
105    @ay z 000fy
200 10 @a威尔斯科学幻想小说选@Awei er si ke xue huan xiang xiao shuo xuan@f(英)威尔斯(H.G. Wells)著@g孙宗鲁译
210    @a南京@c江苏科学技术出版社@d1980
215    @a2册@d19cm
300    @a书名原文:Seven famous novels
510 1  @aSeven famous novels@zeng
606    @a科学幻想小说@y英国@z现代@x选集
690    @aI561.45@v3
690    @aI546.4@v4
701  1 @a威尔斯@Awei er si@bH.G.@4著
701 A1 @aWells@bH.G.@4著
702  0 @a孙宗鲁@Asun zong lu@4译
801  0 @aCN@bTSSF@c20150120
801  2 @aCN@bNLC
905    @aZUCC@dI546.4@eJY106:2
    
    威尔斯科学幻想小说选/(英)威尔斯(H.G. Wells)著/孙宗鲁译.-南京:江苏科学技术出版社,1980
    2册;19cm
    书名原文:Seven famous novels
    
    ISBN :CNY1.08
    
●
相关链接 在E读中查询图书 在五车中查询图书 在当当中查询图书 在豆瓣中查询图书


正题名:威尔斯科学幻想小说选     索取号:I546.4/JY106:2         预约/预借

序号 登录号 条形码 馆藏地/架位号 状态 备注
1 7849839   278498396   学院路分馆/ [索取号:I546.4/JY106:2] 在馆    
唐山师范学院图书馆 欢迎您!
大连网信软件有限公司© 版权所有